Detalles MARC
| 000 -CABECERA |
| Longitud fija campo de control |
02475nam a2200349 i 4500 |
| 003 - • IDENTIFICADOR DELl NÚMERO DE CONTROL |
| Identificador del número de control |
CO-BoRNBP |
| 005 - • FECHA Y HORA DE LA ÚLTIMA TRANSACCIÓN |
| Fecha y hora de la última transacción |
20250226091733.0 |
| 007 - • CAMPO FIJO DE DESCRIPCIÓN FÍSICA |
| Campo fijo de descripción física |
ta |
| 008 - • CÓDIGOS DE INFORMACIÓN DE LONGITUD FIJA |
| Códigos de información de longitud fija |
231009t2019 ck a|||g| 001 0|spa | |
| 020 ## - • NÚMERO INTERNACIONAL NORMALIZADO PARA LIBROS |
| Número Internacional Normalizado para Libros (ISBN) |
9789584276636 |
| 040 ## - FUENTE DE LA CATALOGACIÓN |
| Centro catalogador de origen |
CO-BoRNBP |
| Lengua de catalogación |
spa |
| Normas de descripción |
rda |
| Centro transcriptor |
CO-BoRNBP |
| 041 0# - • CÓDIGO DE LENGUA |
| Código de lengua original |
spa |
| 043 ## - CÓDIGO DE ÁREA GEOGRÁFICA |
| Código de área geográfica |
s-ck--- |
| 082 04 - • NÚMERO DE LA CLASIFICACIÓN DECIMAL DEWEY |
| Número de clasificación (R) |
306.2 |
| Número del ítem |
S15b |
| 100 1# - • PUNTO DE ACCESO PRINCIPAL-NOMBRE DE PERSONA |
| Nombre de persona |
Santos Calderón, Juan Manuel |
| Fechas asociadas al nombre |
1945- |
| Término indicativo de función |
autor |
| 245 13 - • TITULO PROPIAMENTE DICHO |
| Título |
La batalla por la paz : |
| Resto del título |
el largo camino para acabar el conflicto con la guerrilla más antigua del mundo |
| Mención de responsabilidad, etc. |
Juan Manuel Santos Calderón ; prólogo de Felipe González |
| 250 ## - • MENCIÓN DE EDICIÓN |
| Mención de edición |
Primera edición |
| 264 #1 - PRODUCCIÓN, PUBLICACIÓN , DISTRIBUCIÓN, FABRICACIÓN Y COPYRIGHT |
| Lugar de producción, publicación, distribución, fabricación |
Bogotá, Colombia |
| Nombre del productor, editor, distribuidor, fabricante |
Planeta Colombiana |
| Fecha de de producción, publicación, distribución, fabricación o copyright |
2019 |
| 300 ## - • DESCRIPCIÓN FÍSICA |
| Extensión |
589 páginas |
| Dimensiones |
23 cm |
| 336 ## - TIPO DE CONTENIDO |
| Término de tipo de contenido |
texto |
| Código de tipo de contenido |
txt |
| Fuente |
rdacontent |
| 337 ## - TIPO DE MEDIO |
| Nombre del tipo de medio |
sin mediación |
| Código del tipo de medio |
n |
| Fuente |
rdamedia |
| 338 ## - TIPO DE SOPORTE |
| Nombre del tipo de soporte |
volumen |
| Código del tipo de soporte |
nc |
| Fuente |
rdacarrier |
| 505 0# - • NOTA DE CONTENIDO CON FORMATO |
| Nota de contenido con formato |
Primera parte: La conspiración por la paz. -- Segunda parte: Creando las condiciones para la paz (1998-2009). -- Tercera parte: La fase secreta (2010-2012). -- Cuarta parte: La mesa de la Habana (2012-2016). -- Quinta parte: La paz en construcción (2016-2018) |
| 520 3# - • NOTA DE RESUMEN |
| Resumen, etc, |
Este es el relato más completo que se ha escrito sobre el largo y difícil camino recorrido para terminar el conflicto con las Farc, la guerrilla más antigua del mundo. Es la historia, no solo del proceso de paz que transformó a un país, de sus contactos secretos, sus implicaciones internacionales, dificultades y logros, sino también de las dos décadas previas en que Colombia osciló entre el enfrentamiento bélico y la solución negociada. Santos -sin duda uno de los grandes protagonistas de los últimos tiempos- nos brinda un amplio panorama sobre el tortuoso devenir de una nación resignada frente a la guerra, hasta el despertar de la paz. A partir de sus memorias personales, llenas de anécdotas desconocidas, el autor hace un análisis del manejo político que le dio a este proceso, y revela los entresijos del poder en una narración directa y apasionante con reflexiones sobre cómo superar los obstáculos para lograr objetivos mayores que sirvan al bien común. |
| 546 ## - • NOTA DEL IDIOMA |
| Nota de lengua |
Juan Manuel Santos Calderón, Premio Nobel de la Paz 2016. |
| 650 17 - • PUNTO DE ACCESO ADICIONAL DE MATERIA - TÉRMINO DE MATERIA |
| Término de materia o nombre geográfico como elemento inicial |
Paz |
| Subdivisión geográfica |
Colombia |
| Fuente del encabezamiento o término |
ARMARC |
| 650 17 - • PUNTO DE ACCESO ADICIONAL DE MATERIA - TÉRMINO DE MATERIA |
| Término de materia o nombre geográfico como elemento inicial |
Violencia |
| Subdivisión de materia general |
Historia |
| Subdivisión geográfica |
Colombia |
| Fuente del encabezamiento o término |
ARMARC |
| 650 17 - • PUNTO DE ACCESO ADICIONAL DE MATERIA - TÉRMINO DE MATERIA |
| Término de materia o nombre geográfico como elemento inicial |
Procesos de paz |
| Subdivisión de materia general |
Historia |
| Subdivisión geográfica |
Colombia |
| Fuente del encabezamiento o término |
ARMARC |
| 651 #4 - • PUNTO DE ACCESO ADICIONAL DE MATERIA - NOMBRE GEOGRÁFICO |
| Nombre geográfico |
Colombia |
| Subdivisión de materia general |
Política y gobierno |
| 700 1# - • PUNTO DE ACCESO ADICIONAL - NOMBRE DE PERSONA |
| Nombre de persona |
Gonzalez, Felipe |
| Término indicativo de función |
prologuista |
| 942 ## - ENTRADA DE ELEMENTOS AGREGADOS (KOHA) |
| Fuente de clasificaión o esquema |
Dewey Decimal Classification |
| Koha [por defecto] tipo de item |
LIbro |